| 000 -LEADER |
| fixed length control field |
00476pab a2200169 454500 |
| 008 - FIXED-LENGTH DATA ELEMENTS--GENERAL INFORMATION |
| fixed length control field |
180718b2015 xxu||||| |||| 00| 0 eng d |
| 100 ## - MAIN ENTRY--PERSONAL NAME |
| Personal name |
Simard, Magali |
| 245 ## - TITLE STATEMENT |
| Title |
From a methodology exercise to the discovery of a crisis: serendipity in field research |
| 260 ## - PUBLICATION, DISTRIBUTION, ETC. |
| Date of publication, distribution, etc. |
2015 |
| 300 ## - PHYSICAL DESCRIPTION |
| Extent |
p.47-59. |
| 362 ## - DATES OF PUBLICATION AND/OR SEQUENTIAL DESIGNATION |
| Dates of publication and/or sequential designation |
Apr-May |
| 650 ## - SUBJECT ADDED ENTRY--TOPICAL TERM |
| Topical term or geographic name entry element |
Research |
| 650 ## - SUBJECT ADDED ENTRY--TOPICAL TERM |
| Topical term or geographic name entry element |
Project management |
| 700 ## - ADDED ENTRY--PERSONAL NAME |
| Personal name |
Laberge, Danielle |
| 773 ## - HOST ITEM ENTRY |
| Main entry heading |
Project Management Journal |
| 909 ## - |
| -- |
109371 |